[Event "Ruhrgebiet Verbandsklasse Gruppe 3 1617"]
[Site "Germany"]
[Date "2017.02.19"]
[Round "7.1"]
[White "Traska, Peter"]
[Black "Oberbarnscheidt, Ludger"]
[Result "1/2-1/2"]
[WhiteElo "2039"]
[BlackElo "2070"]
[PlyCount "24"]
[EventDate "2016.09.04"]
[EventType "team-tourn"]
[EventRounds "9"]
[EventCountry "GER"]
[SourceTitle "EXT 2022"]
[Source "ChessBase"]
[SourceDate "2021.10.06"]
[SourceVersion "1"]
[SourceVersionDate "2021.10.06"]
[SourceQuality "1"]
[WhiteTeam "Erkenschwick II"]
[BlackTeam "Hoentrop SG"]
[WhiteTeamCountry "GER"]
[BlackTeamCountry "GER"]

1. c4 c6 2. e4 d5 3. exd5 cxd5 4. cxd5 Nf6 5. Bb5+ Nbd7 6. Nc3 a6 7. Bxd7+ Qxd7 8. Qb3 b5 9. Nf3 Bb7 10. Ne5 Qd6 11. Nc4 Qc5 12. Ne3 Rd8 1/2-1/2

[Event "Ruhrgebiet Verbandsklasse Gruppe 3 1617"]
[Site "Germany"]
[Date "2016.10.30"]
[Round "3.1"]
[White "Bree, Thomas"]
[Black "Oberbarnscheidt, Ludger"]
[Result "1/2-1/2"]
[WhiteElo "2013"]
[BlackElo "2070"]
[PlyCount "64"]
[EventDate "2016.09.04"]
[EventType "team-tourn"]
[EventRounds "9"]
[EventCountry "GER"]
[SourceTitle "EXT 2022"]
[Source "ChessBase"]
[SourceDate "2021.10.06"]
[SourceVersion "1"]
[SourceVersionDate "2021.10.06"]
[SourceQuality "1"]
[WhiteTeam "Brackel SF III"]
[BlackTeam "Hoentrop SG"]
[WhiteTeamCountry "GER"]
[BlackTeamCountry "GER"]

1. d4 d5 2. Nf3 Nf6 3. c4 c6 4. g3 Bf5 5. Nc3 e6 6. Qb3 Qc8 7. Nh4 Bg4 8. h3 Bh5 9. g4 Bg6 10. Nxg6 hxg6 11. Bg2 Bd6 12. Bd2 Nbd7 13. Rc1 dxc4 14. Qxc4 0-0 15. h4 Nxg4 16. h5 gxh5 17. Rxh5 Ngf6 18. Rh1 Re8 19. Qd3 Qb8 20. Qh3 Kf8 21. e4 e5 22. d5 Ke7 23. Bg5 Rh8 24. Qg3 Rxh1+ 25. Bxh1 Qh8 26. Bf3 Qh7 27. Ke2 Rh8 28. Rh1 Qg8 29. Rd1 Qh7 30. Rh1 Qg8 31. Rd1 Qh7 32. Rh1 Qg8 1/2-1/2

[Event "Ruhrgebiet Verbandsliga Gruppe 1 1415"]
[Site "Germany"]
[Date "2014.12.14"]
[Round "4"]
[White "Evertz, Dieter"]
[Black "Oberbarnscheidt, Ludger"]
[Result "1/2-1/2"]
[WhiteElo "2028"]
[BlackElo "2070"]
[PlyCount "85"]
[EventDate "2014.09.21"]
[EventType "team-tourn"]
[EventRounds "9"]
[EventCountry "GER"]
[SourceTitle "EXT 2022"]
[Source "ChessBase"]
[SourceDate "2021.10.06"]
[SourceVersion "1"]
[SourceVersionDate "2021.10.06"]
[SourceQuality "1"]
[WhiteTeam "Herne Sodingen II"]
[BlackTeam "Hoentrop SG"]
[WhiteTeamCountry "GER"]
[BlackTeamCountry "GER"]

1. b3 d5 2. Bb2 Bg4 3. Nf3 Nd7 4. d4 e6 5. Qd2 Ngf6 6. Ne5 Nxe5 7. dxe5 Ne4 8. Qf4 Bf5 9. f3 Nc5 10. c4 Bxb1 11. Rxb1 c6 12. b4 Na4 13. Ba1 dxc4 14. Qxc4 Nb6 15. Qb3 Nd5 16. a3 Qb6 17. e4 Ne3 18. g3 Nxf1 19. Rxf1 0-0-0 20. Rf2 Be7 21. Kf1 Qb5+ 22. Kg2 Rd7 23. Qa2 Rhd8 24. Rbb2 Qa4 25. Qc4 Kb8 26. Ra2 a6 27. Bc3 Kc7 28. Rfd2 Rxd2+ 29. Bxd2 Qd1 30. Be3 Qd3 31. Qxd3 Rxd3 32. Kf2 b6 33. Ke2 Rb3 34. f4 c5 35. bxc5 Bxc5 36. Bxc5 bxc5 37. a4 a5 38. f5 Kc6 39. fxe6 fxe6 40. Rd2 Kc7 41. Rd1 Rb6 42. Rd2 Rb3 43. Rd6 1/2-1/2

[Event "NRW Verbandsliga Group1 1314"]
[Site "Nordrheinwestfalen"]
[Date "2013.12.15"]
[Round "5"]
[White "Oberbarnscheidt, Ludger"]
[Black "Boehm, Joachim"]
[Result "0-1"]
[WhiteElo "2104"]
[BlackElo "2202"]
[PlyCount "84"]
[EventDate "2013.09.08"]
[EventType "team-tourn"]
[EventRounds "9"]
[EventCountry "GER"]
[SourceTitle "EXT 2020"]
[Source "ChessBase"]
[SourceDate "2019.10.17"]
[SourceVersion "1"]
[SourceVersionDate "2019.10.17"]
[SourceQuality "1"]
[WhiteTeam "Hoentrop SG"]
[BlackTeam "Bottrop SV"]
[WhiteTeamCountry "GER"]
[BlackTeamCountry "GER"]

1. Nf3 g6 2. c4 Bg7 3. Nc3 d6 4. d4 Bg4 5. g3 Bxf3 6. exf3 c6 7. d5 cxd5 8. cxd5 Nd7 9. Bg2 Ngf6 10. 0-0 0-0 11. Be3 Qa5 12. Bd4 Rfe8 13. f4 Rac8 14. Re1 a6 15. a3 Nh5 16. Bxg7 Kxg7 17. g4 Nhf6 18. g5 Nh5 19. Bf3 Rc4 20. Bxh5 gxh5 21. Ne4 Qb6 22. Qxh5 Qxb2 23. Nxd6 Rxf4 24. Qh6+ Kg8 25. f3 Qd4+ 26. Kh1 Qxd5 27. Ne4 Qd3 28. Qh5 Qxf3+ 29. Qxf3 Rxf3 30. Nd6 Rd8 31. Rxe7 Nc5 32. Kg2 Rc3 33. Nxf7 Kf8 34. Rae1 Rd2+ 35. Kg1 Rcc2 36. Nh6 Rg2+ 37. Kh1 Rxh2+ 38. Kg1 Rcg2+ 39. Kf1 Rf2+ 40. Kg1 Rhg2+ 41. Kh1 Rxg5 42. Rxh7 Rf6 0-1

[Event "NRW Verbandsliga Group1 1314"]
[Site "Nordrheinwestfalen"]
[Date "2013.11.24"]
[Round "4.2"]
[White "Bausch, Thomas"]
[Black "Oberbarnscheidt, Ludger"]
[Result "1/2-1/2"]
[WhiteElo "1967"]
[BlackElo "2104"]
[PlyCount "43"]
[EventDate "2013.09.08"]
[EventType "team-tourn"]
[EventRounds "9"]
[EventCountry "GER"]
[SourceTitle "EXT 2020"]
[Source "ChessBase"]
[SourceDate "2019.10.17"]
[SourceVersion "1"]
[SourceVersionDate "2019.10.17"]
[SourceQuality "1"]
[WhiteTeam "Bochum SC an der Uni"]
[BlackTeam "Hoentrop SG"]
[WhiteTeamCountry "GER"]
[BlackTeamCountry "GER"]

1. d4 d5 2. c4 e6 3. Nf3 c6 4. Nc3 f5 5. g3 Nf6 6. cxd5 exd5 7. Bf4 Bd6 8. Be5 0-0 9. Bg2 Qe7 10. 0-0 Nbd7 11. Bxd6 Qxd6 12. e3 Ne4 13. Qc2 b6 14. Nd2 Ndf6 15. Ncxe4 fxe4 16. f3 exf3 17. Nxf3 Be6 18. Ne5 Rac8 19. Rac1 c5 20. Qd3 c4 21. Qd2 a5 22. Rfe1 1/2-1/2

[Event "NRW Verbandsliga Group1 1314"]
[Site "Nordrheinwestfalen"]
[Date "2013.10.13"]
[Round "2.2"]
[White "Oberbarnscheidt, Ludger"]
[Black "Ueter, Heinz Dieter"]
[Result "0-1"]
[WhiteElo "2104"]
[BlackElo "2188"]
[PlyCount "66"]
[EventDate "2013.09.08"]
[EventType "team-tourn"]
[EventRounds "9"]
[EventCountry "GER"]
[SourceTitle "EXT 2020"]
[Source "ChessBase"]
[SourceDate "2019.10.17"]
[SourceVersion "1"]
[SourceVersionDate "2019.10.17"]
[SourceQuality "1"]
[WhiteTeam "Hoentrop SG"]
[BlackTeam "Ahlen SV"]
[WhiteTeamCountry "GER"]
[BlackTeamCountry "GER"]

1. Nf3 g6 2. d4 Bg7 3. c4 Nf6 4. Nc3 0-0 5. e4 d6 6. Be2 e5 7. 0-0 Na6 8. Be3 c6 9. d5 c5 10. Ne1 Nd7 11. Rb1 f5 12. exf5 gxf5 13. f4 exf4 14. Bxf4 Ne5 15. Qd2 Nc7 16. Nf3 Bd7 17. a3 Qf6 18. b4 cxb4 19. Rxb4 Na6 20. Nxe5 dxe5 21. Bg5 Qd6 22. Rxb7 Nc5 23. Rbb1 f4 24. Bh4 e4 25. Nb5 Qe5 26. Qb4 Rac8 27. Kh1 f3 28. gxf3 exf3 29. Bxf3 Rxf3 30. Rxf3 Qe4 31. Rbf1 Bg4 32. Kg2 Bxf3+ 33. Rxf3 Rf8 0-1

[Event "Ruhrgebiet Verbandsliga2 1213"]
[Site "Nordrheinwestfalen"]
[Date "2013.04.28"]
[Round "9"]
[White "Boehm, Juergen1111"]
[Black "Oberbarnscheidt, Ludger"]
[Result "1/2-1/2"]
[WhiteElo "2108"]
[BlackElo "2100"]
[PlyCount "48"]
[EventDate "2012.09.02"]
[EventType "team-tourn"]
[EventRounds "9"]
[EventCountry "GER"]
[SourceTitle "EXT 2020"]
[Source "ChessBase"]
[SourceDate "2019.10.17"]
[SourceVersion "1"]
[SourceVersionDate "2019.10.17"]
[SourceQuality "1"]
[WhiteTeam "Brackel SF II"]
[BlackTeam "Hoentrop SG"]
[WhiteTeamCountry "GER"]
[BlackTeamCountry "GER"]

1. d4 e6 2. e4 d5 3. Nc3 Bb4 4. e5 Ne7 5. a3 Bxc3+ 6. bxc3 c5 7. h4 Qc7 8. Nf3 b6 9. h5 h6 10. a4 Ba6 11. Bb5+ Bxb5 12. axb5 a5 13. bxa6 cxd4 14. cxd4 Rxa6 15. Rxa6 Nxa6 16. Qd3 Qc4 17. Qxc4 dxc4 18. Ba3 Nd5 19. Kd2 Kd7 20. Rh4 Nb8 21. Rg4 Rg8 22. c3 Nc6 23. Kc2 b5 24. Nd2 f5 1/2-1/2

[Event "Ruhrgebiet Verbandsliga2 1213"]
[Site "Nordrheinwestfalen"]
[Date "2013.04.07"]
[Round "8"]
[White "Oberbarnscheidt, Ludger"]
[Black "Delvos, Thorsten"]
[Result "1-0"]
[WhiteElo "2100"]
[BlackElo "1950"]
[PlyCount "77"]
[EventDate "2012.09.02"]
[EventType "team-tourn"]
[EventRounds "9"]
[EventCountry "GER"]
[SourceTitle "EXT 2020"]
[Source "ChessBase"]
[SourceDate "2019.10.17"]
[SourceVersion "1"]
[SourceVersionDate "2019.10.17"]
[SourceQuality "1"]
[WhiteTeam "Hoentrop SG"]
[BlackTeam "Mengede SG"]
[WhiteTeamCountry "GER"]
[BlackTeamCountry "GER"]

1. Nf3 Nf6 2. c4 g6 3. Nc3 Bg7 4. e4 d6 5. d4 0-0 6. Be2 e5 7. 0-0 Nc6 8. d5 Ne7 9. Ne1 Nd7 10. Nd3 f5 11. Bd2 Nf6 12. f3 f4 13. g4 g5 14. Be1 Ng6 15. Kg2 Rf7 16. c5 Bf8 17. cxd6 cxd6 18. Qc1 h5 19. h3 Nh4+ 20. Bxh4 gxh4 21. Qe1 hxg4 22. hxg4 h3+ 23. Kh1 Be7 24. Nb5 Ne8 25. Qc3 Bd7 26. Qb4 a6 27. Nc3 Bh4 28. a4 b6 29. Qb3 Rg7 30. Nb4 Nf6 31. Nc6 Qe8 32. Qxb6 Nh5 33. gxh5 Rg2 34. Qc7 Qf7 35. Qxd6 Qg7 36. Rg1 Bf6 37. Ne7+ Kh7 38. Qxd7 Rg8 39. Qf5+ 1-0

[Event "Ruhrgebiet Verbandsliga2 1213"]
[Site "Nordrheinwestfalen"]
[Date "2012.12.02"]
[Round "4.2"]
[White "Brueggestrass, Volker"]
[Black "Oberbarnscheidt, Ludger"]
[Result "1/2-1/2"]
[WhiteElo "2065"]
[BlackElo "2100"]
[PlyCount "37"]
[EventDate "2012.09.02"]
[EventType "team-tourn"]
[EventRounds "9"]
[EventCountry "GER"]
[SourceTitle "EXT 2020"]
[Source "ChessBase"]
[SourceDate "2019.10.17"]
[SourceVersion "1"]
[SourceVersionDate "2019.10.17"]
[SourceQuality "1"]
[WhiteTeam "Mengede SG"]
[BlackTeam "Hoentrop SG"]
[WhiteTeamCountry "GER"]
[BlackTeamCountry "GER"]

1. e4 c5 2. c3 Nf6 3. e5 Nd5 4. Nf3 Nc6 5. Bc4 Nb6 6. Bb3 c4 7. Bc2 Qc7 8. Qe2 g5 9. e6 dxe6 10. Nxg5 Qe5 11. Nf3 Qxe2+ 12. Kxe2 Bg7 13. Na3 e5 14. d3 cxd3+ 15. Bxd3 Bg4 16. h3 Bh5 17. Rd1 0-0-0 18. Be3 Nd5 19. g4 1/2-1/2

[Event "Ruhrgebiet Verbandsliga2 1213"]
[Site "Nordrheinwestfalen"]
[Date "2012.10.28"]
[Round "3.2"]
[White "Oberbarnscheidt, Ludger"]
[Black "Zhang, Fan"]
[Result "1/2-1/2"]
[WhiteElo "2100"]
[BlackElo "2024"]
[PlyCount "79"]
[EventDate "2012.09.02"]
[EventType "team-tourn"]
[EventRounds "9"]
[EventCountry "GER"]
[SourceTitle "EXT 2020"]
[Source "ChessBase"]
[SourceDate "2019.10.17"]
[SourceVersion "1"]
[SourceVersionDate "2019.10.17"]
[SourceQuality "1"]
[WhiteTeam "Hoentrop SG"]
[BlackTeam "Muelheim Nord III"]
[WhiteTeamCountry "GER"]
[BlackTeamCountry "GER"]

1. Nf3 d5 2. c4 c6 3. d4 Nf6 4. Nc3 a6 5. cxd5 cxd5 6. Bf4 Nc6 7. e3 Qb6 8. a3 Bf5 9. Bd3 Bxd3 10. Qxd3 e6 11. 0-0 Be7 12. Rfc1 0-0 13. Na4 Qa7 14. b4 Nh5 15. Bc7 Rac8 16. Bb6 Qb8 17. Rc2 Nf6 18. Rac1 Nd7 19. Bc5 b5 20. Bxe7 Nxe7 21. Nc5 Qa7 22. Ng5 g6 23. e4 dxe4 24. Qh3 Nf6 25. Ncxe4 Rxc2 26. Nxf6+ Kg7 27. Rxc2 Qxd4 28. Ne8+ Rxe8 29. Qxh7+ Kf6 30. Qxf7+ Kxg5 31. h4+ Kxh4 32. Qxe8 Qd1+ 33. Kh2 Qxc2 34. Qxe7+ Kh5 35. Qc5+ Qf5 36. f3 Kg5 37. Qe7+ Kh6 38. Qd6 Kg5 39. Qe7+ Kh6 40. Qd6 1/2-1/2

[Event "Ruhrgebiet VK3 0304"]
[Site "Ruhrgebiet"]
[Date "2004.01.11"]
[Round "5.1"]
[White "Oberbarnscheidt, Ludger"]
[Black "Schulz, Alfons"]
[Result "1-0"]
[WhiteElo "2159"]
[BlackElo "1869"]
[PlyCount "61"]
[EventDate "2003.09.28"]
[EventType "team"]
[EventRounds "9"]
[EventCountry "GER"]
[SourceTitle "EXT 2007"]
[Source "ChessBase"]
[SourceDate "2006.11.23"]
[SourceVersion "1"]
[SourceVersionDate "2006.11.23"]
[SourceQuality "1"]
[WhiteTeam "Hoentrop SG"]
[BlackTeam "Haltern"]
[WhiteTeamCountry "GER"]
[BlackTeamCountry "GER"]

1. Nf3 Nf6 2. c4 g6 3. Nc3 Bg7 4. e4 d6 5. d4 0-0 6. Be2 e5 7. 0-0 Nc6 8. d5 Ne7 9. Ne1 Nd7 10. Nd3 f5 11. Bd2 Nf6 12. f3 f4 13. g4 fxg3 14. hxg3 Nh5 15. Kg2 Bd7 16. Be3 b6 17. Qd2 Rf7 18. b4 a5 19. a3 Qc8 20. Rh1 axb4 21. axb4 Rxa1 22. Rxa1 Qd8 23. Ra3 Bc8 24. c5 bxc5 25. bxc5 Qd7 26. Nf2 Kh8 27. Ra7 Ng8 28. cxd6 Qxd6 29. Nb5 Qf6 30. Rxc7 Rxc7 31. Nxc7 1-0

[Event "Ruhrgebiet VK3 0304"]
[Site "Ruhrgebiet"]
[Date "2003.09.28"]
[Round "1.1"]
[White "Mallee, Ralph"]
[Black "Oberbarnscheidt, Ludger"]
[Result "1/2-1/2"]
[WhiteElo "2159"]
[BlackElo "2159"]
[PlyCount "34"]
[EventDate "2003.09.28"]
[EventType "team"]
[EventRounds "9"]
[EventCountry "GER"]
[SourceTitle "EXT 2007"]
[Source "ChessBase"]
[SourceDate "2006.11.23"]
[SourceVersion "1"]
[SourceVersionDate "2006.11.23"]
[SourceQuality "1"]
[WhiteTeam "Dortmund SV"]
[BlackTeam "Hoentrop SG"]
[WhiteTeamCountry "GER"]
[BlackTeamCountry "GER"]

1. Nc3 d5 2. e4 e6 3. Nf3 Nf6 4. e5 Nfd7 5. d4 c5 6. Ne2 cxd4 7. Nexd4 Nc6 8. Nxc6 bxc6 9. Bd3 Ba6 10. 0-0 Bxd3 11. Qxd3 Be7 12. c4 0-0 13. Re1 h6 14. Bf4 Qb6 15. Re2 Nc5 16. Qc2 Ne4 17. Nd2 Nxd2 1/2-1/2

[Event "Ruhrgebiet VL2 0001"]
[Site "Ruhrgebiet"]
[Date "2000.10.15"]
[Round "2"]
[White "Sandkamp, Ralph"]
[Black "Oberbarnscheidt, Ludger"]
[Result "1-0"]
[WhiteElo "2286"]
[BlackElo "2183"]
[PlyCount "123"]
[EventDate "2000.09.17"]
[EventType "team-tourn"]
[EventRounds "9"]
[EventCountry "GER"]
[SourceTitle "EXT 2023"]
[Source "ChessBase"]
[SourceDate "2022.10.05"]
[SourceVersion "1"]
[SourceVersionDate "2022.10.05"]
[SourceQuality "1"]
[WhiteTeam "Herne Sodingen"]
[BlackTeam "Hoentrop SG"]
[WhiteTeamCountry "GER"]
[BlackTeamCountry "GER"]

1. Nf3 d5 2. g3 Bg4 3. Bg2 Nd7 4. c4 e6 5. b3 Ngf6 6. Bb2 c6 7. 0-0 Bd6 8. d3 0-0 9. Nbd2 Re8 10. h3 Bh5 11. Rc1 a5 12. Qc2 a4 13. e4 axb3 14. axb3 dxe4 15. dxe4 e5 16. Ra1 Rxa1 17. Rxa1 Qb6 18. Ne1 Bc5 19. Nd3 Bd4 20. c5 Qc7 21. Bxd4 exd4 22. Qc4 Be2 23. Qxd4 Bxd3 24. Qxd3 Nxc5 25. Qc3 Qe7 26. f3 Rd8 27. Nc4 h6 28. b4 Na6 29. Rb1 Nc7 30. Bf1 Nb5 31. Qb2 Nd4 32. Qf2 Ne6 33. b5 c5 34. b6 Nd4 35. Ra1 Nc6 36. Qb2 Nd4 37. Kg2 Nc6 38. Ra3 Nd7 39. Ne3 Nd4 40. Nd5 Qd6 41. Bc4 Rb8 42. f4 Re8 43. e5 Qg6 44. Bd3 Qe6 45. Be4 Rb8 46. Kh2 f6 47. Qa2 Kf7 48. Ra8 Rxa8 49. Qxa8 fxe5 50. Qxb7 exf4 51. Nxf4 Qa2+ 52. Bg2 Ke7 53. Qe4+ Kd8 54. Nd5 Ne5 55. g4 Qf2 56. Qe3 Ndf3+ 57. Kh1 Qg3 58. Bxf3 Qxh3+ 59. Kg1 Nxf3+ 60. Kf2 Qh2+ 61. Kxf3 Qh1+ 62. Kf2 1-0